The new college physics ; a spiral approach /

Bibliographic Details
Main Author: Baez, Albert V.
Format: Book
Language:English
Published: San Francisco : W. H. Freeman, [1967]
Series:Series of books in physics.
Subjects:

MARC

Tag First Indicator Second Indicator Subfields
LEADER 00000cam a22000001 4500
001 in00000507828
005 20151013065527.0
008 740410s1967 caua b 00010 eng
010 |a  67012180  
035 |a (OCoLC)00507124 
035 |9 ACD8884AM 
040 |a DLC  |c DLC  |d TXA  |d UtOrBLW 
049 |a TXAM  |c [1134075] 
050 0 0 |a QC21  |b .B125 
082 0 |a 530 
100 1 |a Baez, Albert V. 
245 1 4 |a The new college physics ;  |b a spiral approach /  |c [by] Albert V. Baez. 
264 1 |a San Francisco :  |b W. H. Freeman,  |c [1967] 
300 |a xviii, 739 pages :  |b illustrations (part color) ;  |c 27 cm. 
336 |a text  |b txt  |2 rdacontent 
337 |a unmediated  |b n  |2 rdamedia 
338 |a volume  |b nc  |2 rdacarrier 
490 1 |a A Series of books in physics 
504 |a Bibliographical footnotes. 
650 0 |a Physics. 
830 0 |a Series of books in physics. 
999 |a MARS 
999 f f |s 4ab53765-d7d3-3dae-b949-68fba8af998d  |i 825ef85d-7db5-3c00-8bcd-9028bcdd3514  |t 0 
952 f f |p normal  |a Texas A&M University  |b College Station  |c Sterling C. Evans Library  |d Evans: Library Stacks  |t 0  |e QC21 .B125  |h Library of Congress classification  |i unmediated -- volume  |m A14806478981 
998 f f |a QC21 .B125  |t 0  |l Evans: Library Stacks